| 000 | 00423cam a2200181ua 4500 | ||
|---|---|---|---|
| 020 | _c6.00 | ||
| 041 |
_ahin _h |
||
| 082 |
_a891.43 _bSUM/PA |
||
| 100 | _aSumitrananda, Pant. | ||
| 245 |
_aPallav / _cSumitranand Panth. _hTextual Documents |
||
| 250 |
_a7 / _b. |
||
| 260 |
_aDelhi : _bRajkamal Prakashan , _c1963. |
||
| 300 | _a165 ; . | ||
| 365 | _a6.00 | ||
| 504 | _a | ||
| 942 | _cBK | ||
| 999 |
_c12247 _d12247 |
||